[Event "Unterfranken-ch Seniors 62th"]
[Site "Gerolzhofen"]
[Date "2011.04.28"]
[Round "3"]
[White "Stegnar, Simon"]
[Black "Filbry, Lothar"]
[Result "0-1"]
[WhiteElo "905"]
[BlackElo "1478"]
[PlyCount "84"]
[EventDate "2011.04.25"]
[EventType "tourn"]
[EventRounds "7"]
[EventCountry "GER"]
[SourceTitle "EXT 2015"]
[Source "ChessBase"]
[SourceDate "2014.11.20"]
[SourceVersion "1"]
[SourceVersionDate "2014.11.20"]
[SourceQuality "1"]

1. e4 c5 2. Bc4 e6 3. Nc3 a6 4. Nf3 b5 5. Be2 Nc6 6. a3 d6 7. d3 Be7 8. 0-0 Nf6 9. h3 0-0 10. Be3 Qc7 11. Bf4 Bb7 12. d4 cxd4 13. Nxd4 Nxd4 14. Qxd4 e5 15. Bxe5 dxe5 16. Qe3 Rad8 17. Rad1 Bc5 18. Qf3 Bd4 19. Bd3 Bxc3 20. bxc3 Qxc3 21. Rfe1 Qxa3 22. Rd2 Qc5 23. Red1 a5 24. g4 h6 25. h4 Bc8 26. Rb1 b4 27. g5 hxg5 28. hxg5 Nd7 29. Kg2 Qe7 30. Qg3 Nc5 31. Rbd1 Nxd3 32. Rxd3 Rxd3 33. Rxd3 Bb7 34. Qg4 Bc8 35. Qg3 Bb7 36. f3 Rc8 37. Rd2 Rc3 38. Qf2 Qxg5+ 39. Kf1 Ba6+ 40. Ke1 Qf6 41. Kd1 g6 42. Kc1 Kg7 0-1

[Event "Unterfranken-ch Seniors 62th"]
[Site "Gerolzhofen"]
[Date "2011.04.28"]
[Round "5"]
[White "Stegnar, Simon"]
[Black "Gfrerer, Rudolf"]
[Result "1-0"]
[WhiteElo "905"]
[BlackElo "925"]
[PlyCount "29"]
[EventDate "2011.04.25"]
[EventType "tourn"]
[EventRounds "7"]
[EventCountry "GER"]
[SourceTitle "EXT 2015"]
[Source "ChessBase"]
[SourceDate "2014.11.20"]
[SourceVersion "1"]
[SourceVersionDate "2014.11.20"]
[SourceQuality "1"]

1. e4 e5 2. Bc4 Nc6 3. Nf3 d6 4. h3 Nf6 5. Nc3 h6 6. 0-0 Na5 7. Bd3 d5 8. Nxe5 dxe4 9. Bxe4 Nxe4 10. Nxe4 Qd4 11. Ng6 Qxe4 12. Nxh8 Nc4 13. Re1 Nd6 14. Rxe4+ Nxe4 15. Qh5 1-0

[Event "Unterfranken-ch Seniors 62th"]
[Site "Gerolzhofen"]
[Date "2011.04.26"]
[Round "2"]
[White "Hassler, Guenther"]
[Black "Stegnar, Simon"]
[Result "1-0"]
[WhiteElo "1758"]
[BlackElo "905"]
[PlyCount "41"]
[EventDate "2011.04.25"]
[EventType "tourn"]
[EventRounds "7"]
[EventCountry "GER"]
[SourceTitle "EXT 2015"]
[Source "ChessBase"]
[SourceDate "2014.11.20"]
[SourceVersion "1"]
[SourceVersionDate "2014.11.20"]
[SourceQuality "1"]

1. e4 e5 2. Nf3 Nc6 3. Bc4 h6 4. 0-0 Nf6 5. Re1 Bc5 6. c3 0-0 7. d4 exd4 8. cxd4 Bb6 9. e5 Ne8 10. d5 Ne7 11. Nc3 Ba5 12. Bd2 a6 13. a3 b5 14. Ba2 Nf5 15. Qc2 g6 16. d6 cxd6 17. Bxh6 Nxh6 18. Qxg6+ Ng7 19. Qxh6 Bb7 20. Ng5 Nf5 21. Qh7# 1-0